000 00588nam a2200181 i 4500
001 186784
003 ES-MaACL
005 20230906222738.0
008 170215s1910 sp |||| | spa d
100 0 _aLarrubiera, Alejandro.
_970365
245 1 0 _aHistoria de un hombre formal /
_cnovela de Alejandro Larrubiera ; ilustraciones de Espi.
260 _aMadrid :
_bLos Contemporáneos,
_c1910.
300 _a[20] p. :
_bil. ;
_c27 cm.
490 1 _aLos contemporaneos ;
_v87
830 0 _aLos contemporaneos ;
_v87
_9185715
852 _aES-MaACL
_jR-2599(9)
999 _c186784
_d186784